[Event "Zalakarosi Sakkfesztivál open"]
[Site "Zalakaros"]
[Date "2018.05.25"]
[Round "1.1"]
[White "Aczel, Gergely"]
[Black "Heiligermann, Gabor"]
[Result "1/2-1/2"]
[WhiteElo "2567"]
[BlackElo "2008"]
[PlyCount "64"]
[EventDate "2018.05.25"]
[EventType "swiss"]
[EventCountry "HUN"]

1. d4 d5 2. c4 c6 3. cxd5 cxd5 4. Bf4 Nc6 5. e3 Nf6 6. Nc3 a6 7. Bd3 e6 8. Rc1
Bd6 9. Bxd6 Qxd6 10. f4 b5 11. Nf3 Bb7 12. O-O O-O 13. Ne5 Rac8 14. Qf3 Nb4 15.
Bb1 Ne4 16. Nxe4 dxe4 17. Bxe4 Bxe4 18. Qxe4 Nxa2 19. Rxc8 Rxc8 20. f5 f6 21.
Qb7 Rf8 22. Qc6 Rd8 23. fxe6 Nb4 24. Qb7 Qxe6 25. Qc7 Re8 26. Qc5 a5 27. Nf3
Qxe3+ 28. Kh1 Nd3 29. Qxb5 Qe2 30. Kg1 Qe3+ 31. Kh1 Qe2 32. Kg1 Qe3+ 1/2-1/2

[Event "Zalakarosi Sakkfesztivál open"]
[Site "Zalakaros"]
[Date "2018.05.25"]
[Round "1.2"]
[White "Draganic, Stjepan"]
[Black "Galyas, Miklos"]
[Result "1/2-1/2"]
[WhiteElo "2006"]
[BlackElo "2508"]
[PlyCount "96"]
[EventDate "2018.05.25"]
[EventType "swiss"]
[EventCountry "HUN"]

1. d4 d6 2. Bf4 g6 3. e3 Bg7 4. c3 Nd7 5. Nf3 e5 6. Bg3 Qe7 7. Na3 a6 8. Qa4
Nh6 9. Bb5 O-O 10. Bxd7 Bxd7 11. Qb4 e4 12. Bh4 Qe8 13. Nd2 b5 14. Qa5 Nf5 15.
Bg3 c6 16. Nc2 Qe7 17. O-O h5 18. h3 Nxg3 19. fxg3 f5 20. a4 c5 21. axb5 Bxb5
22. Rf2 Bd3 23. Nf1 Kh7 24. b4 Rfc8 25. Ne1 Bxf1 26. Kxf1 Qg5 27. bxc5 dxc5 28.
g4 fxg4 29. hxg4 Qxe3 30. gxh5 gxh5 31. Raa2 Qg5 32. Rae2 e3 33. Rf3 Rf8 34.
Qxc5 Qxc5 35. dxc5 Bh6 36. Rxf8 Rxf8+ 37. Nf3 Rc8 38. Ra2 Rc6 39. Ra5 Bf8 40.
Ng5+ Kg6 41. Ne4 Kf5 42. Nd6+ Ke6 43. Ke2 Kd5 44. Nf5 Kc4 45. Nd4 Rxc5 46. Rxa6
Rg5 47. Kxe3 Kxc3 48. Ne2+ Kc4 1/2-1/2

[Event "Zalakarosi Sakkfesztivál open"]
[Site "Zalakaros"]
[Date "2018.05.25"]
[Round "1.3"]
[White "Nemeth, Miklos"]
[Black "Reitinger, Petr"]
[Result "1-0"]
[WhiteElo "2491"]
[BlackElo "2003"]
[PlyCount "49"]
[EventDate "2018.05.25"]
[EventType "swiss"]
[EventCountry "HUN"]

1. e4 Nf6 2. e5 Nd5 3. Nc3 Nxc3 4. bxc3 d6 5. f4 c5 6. Nf3 Nc6 7. d4 cxd4 8.
cxd4 dxe5 9. fxe5 Bg4 10. c3 Qa5 11. Bd2 e6 12. Rb1 O-O-O 13. Bb5 Bf5 14. Rb2
Qa3 15. Qc1 f6 16. O-O Be7 17. Bf4 Na5 18. Nd2 a6 19. Be2 Qa4 20. Nb1 b5 21.
exf6 gxf6 22. Bd1 Qc4 23. a4 bxa4 24. Nd2 Qc6 25. Bf3 1-0

[Event "Zalakarosi Sakkfesztivál open"]
[Site "Zalakaros"]
[Date "2018.05.25"]
[Round "1.4"]
[White "Friml, Antonin"]
[Black "Horvath, Adam"]
[Result "0-1"]
[WhiteElo "1995"]
[BlackElo "2481"]
[PlyCount "54"]
[EventDate "2018.05.25"]
[EventType "swiss"]
[EventCountry "HUN"]

1. e4 c5 2. Nf3 e6 3. d4 cxd4 4. Nxd4 Nc6 5. Nxc6 bxc6 6. Bd3 Nf6 7. O-O d5 8.
Nd2 Be7 9. Re1 O-O 10. e5 Nd7 11. Nf3 a5 12. Nd4 Qb6 13. a4 Ba6 14. Bxa6 Rxa6
15. c3 Qb8 16. Qe2 Rb6 17. f4 Bc5 18. f5 exf5 19. e6 Nf6 20. Qf3 fxe6 21. Rxe6
Ne4 22. Kh1 Bxd4 23. cxd4 f4 24. Re7 Rb3 25. Qf1 Qb4 26. Re6 Qxd4 27. Rxc6 Rd3
0-1

[Event "Zalakarosi Sakkfesztivál open"]
[Site "Zalakaros"]
[Date "2018.05.25"]
[Round "1.5"]
[White "Bokros, Albert"]
[Black "Haselbach, David"]
[Result "1/2-1/2"]
[WhiteElo "2480"]
[BlackElo "1984"]
[PlyCount "92"]
[EventDate "2018.05.25"]
[EventType "swiss"]
[EventCountry "HUN"]

1. e4 c5 2. Nf3 Nc6 3. g3 g6 4. Bg2 Bg7 5. O-O Nf6 6. d3 d5 7. Nbd2 d4 8. a4 h5
9. Nc4 Be6 10. b3 Qc8 11. Ng5 h4 12. Nxe6 Qxe6 13. h3 hxg3 14. fxg3 Nd7 15. Bf4
Nde5 16. Qd2 Nxc4 17. bxc4 Be5 18. a5 f6 19. Rab1 Rb8 20. Rb5 g5 21. Bxe5 Qxe5
22. Qf2 a6 23. Rb6 Nxa5 24. Rfb1 Nc6 25. Bf3 Rxh3 26. Kg2 Rh6 27. Bg4 Kf7 28.
Rh1 Rxh1 29. Kxh1 Rh8+ 30. Kg2 Qc7 31. Rb1 Ne5 32. Qf5 Nxg4 33. Qxg4 Qa5 34.
Qe2 b5 35. e5 bxc4 36. exf6 exf6 37. Rb7+ Kg6 38. Qe4+ Kh6 39. Qf5 Qd2+ 40. Kh3
g4+ 41. Qxg4 Qg5 42. Qe4 cxd3 43. cxd3 Qg6 44. Qf4+ Qg5 45. Qe4 Qg6 46. Qf4+
Qg5 1/2-1/2

[Event "Zalakarosi Sakkfesztivál open"]
[Site "Zalakaros"]
[Date "2018.05.25"]
[Round "1.6"]
[White "Vrchotka, Josef"]
[Black "Chernyshov, Konstantin"]
[Result "0-1"]
[WhiteElo "1984"]
[BlackElo "2478"]
[PlyCount "146"]
[EventDate "2018.05.25"]
[EventType "swiss"]
[EventCountry "HUN"]

1. e4 g6 2. d4 Bg7 3. Nc3 a6 4. f4 b5 5. Nf3 Bb7 6. Bd3 d6 7. e5 e6 8. Be4 Bxe4
9. Nxe4 d5 10. Nc5 Nd7 11. Nd3 Ne7 12. O-O h5 13. Be3 Nf5 14. Bf2 Bf8 15. Qe1
Be7 16. g3 c6 17. Kg2 Qc7 18. b4 a5 19. a3 Nb6 20. c3 Nc4 21. Qe2 Ra6 22. Nb2
Kd7 23. Nxc4 bxc4 24. Rfb1 Qa7 25. Qb2 axb4 26. axb4 Ra8 27. Rxa6 Qxa6 28. h3
Qa2 29. g4 Ng7 30. Be3 hxg4 31. hxg4 Ne8 32. Bc1 Nc7 33. Qxa2 Rxa2+ 34. Rb2 Ra1
35. Rc2 Kc8 36. g5 Kb7 37. Kf2 Kb6 38. Ke2 Kb5 39. Bb2 Rh1 40. Rc1 Rxc1 41.
Bxc1 Ka4 42. Nd2 Nb5 43. Bb2 Bxb4 44. cxb4 c3 45. Bxc3 Nxc3+ 46. Kd3 Kxb4 47.
Nf3 Ne4 48. Nh2 c5 49. dxc5 Nxc5+ 50. Kd4 Nb3+ 51. Kd3 Kc5 52. Ng4 d4 53. Nf6
Nc1+ 54. Kd2 Na2 55. Ne4+ Kd5 56. Nf6+ Kc4 57. Ne4 Nb4 58. Nd6+ Kd5 59. Nxf7
Ke4 60. Nd8 Kf5 61. Ke2 Nd5 62. Kd3 Nxf4+ 63. Kxd4 Kxg5 64. Ke4 Kg4 65. Nc6 Nh5
66. Nd4 Ng7 67. Ne2 g5 68. Nd4 Kh5 69. Kf3 Kh4 70. Nc6 g4+ 71. Kg2 Kg5 72. Nb4
Nh5 73. Nd3 Nf4+ 0-1

[Event "Zalakarosi Sakkfesztivál open"]
[Site "Zalakaros"]
[Date "2018.05.25"]
[Round "1.7"]
[White "Astaneh Lopez FRD, Alex"]
[Black "Stifter, Ewald"]
[Result "1-0"]
[WhiteElo "2446"]
[BlackElo "1979"]
[PlyCount "33"]
[EventDate "2018.05.25"]
[EventType "swiss"]
[EventCountry "HUN"]

1. d4 Nf6 2. c4 c5 3. d5 b5 4. cxb5 a6 5. e3 g6 6. Nc3 Bg7 7. d6 exd6 8. Qxd6
Qe7 9. Qxe7+ Kxe7 10. e4 Re8 11. Be3 d6 12. f3 Kf8 13. O-O-O Nbd7 14. Rxd6 Bb7
15. bxa6 Bc8 16. Bb5 Ke7 17. Rc6 1-0

[Event "Zalakarosi Sakkfesztivál open"]
[Site "Zalakaros"]
[Date "2018.05.25"]
[Round "1.8"]
[White "Takac, Zvonko"]
[Black "Chakravarthi Reddy, M."]
[Result "1-0"]
[WhiteElo "1977"]
[BlackElo "2443"]
[PlyCount "85"]
[EventDate "2018.05.25"]
[EventType "swiss"]
[EventCountry "HUN"]

1. d4 c5 2. d5 f5 3. Nf3 Nf6 4. c4 g6 5. Nc3 Bg7 6. g3 O-O 7. Bg2 d6 8. O-O Na6
9. Re1 Nc7 10. e4 fxe4 11. Nxe4 b5 12. Nxf6+ Bxf6 13. Bh6 Re8 14. b3 bxc4 15.
bxc4 Rb8 16. Rb1 Bf5 17. Rxb8 Qxb8 18. Nh4 Bd7 19. Qd3 Kf7 20. Be4 Rg8 21. Rb1
Qc8 22. Nf3 Qa6 23. Qc2 Ba4 24. Qe2 Ne8 25. Bd3 Bd7 26. Re1 Ng7 27. Ng5+ Bxg5
28. Bxg5 Re8 29. Qf3+ Kg8 30. Rxe7 Rxe7 31. Bxe7 Nf5 32. Bxf5 Bxf5 33. g4 Qb7
34. gxf5 Qxe7 35. fxg6 hxg6 36. Qe3 Qd8 37. Kg2 Kg7 38. Kg3 Qf6 39. h4 Kh7 40.
f3 Qa1 41. Qe7+ Kh6 42. Qxd6 Qe1+ 43. Kg4 1-0

[Event "Zalakarosi Sakkfesztivál open"]
[Site "Zalakaros"]
[Date "2018.05.25"]
[Round "1.9"]
[White "Czebe, Attila"]
[Black "Kiss, Balazs"]
[Result "1-0"]
[WhiteElo "2422"]
[BlackElo "1972"]
[PlyCount "83"]
[EventDate "2018.05.25"]
[EventType "swiss"]
[EventCountry "HUN"]

1. e4 c6 2. Nf3 d5 3. Nc3 dxe4 4. Nxe4 Nf6 5. Bd3 Bg4 6. O-O e6 7. Ng3 Bd6 8.
h3 Bxf3 9. Qxf3 Nbd7 10. Be2 Ne5 11. Qb3 Qc7 12. d4 Ng6 13. Bg5 Nf4 14. Qf3 h6
15. Bxf6 gxf6 16. Nh5 Nxh5 17. Qxh5 O-O-O 18. Rad1 Rdg8 19. h4 Rg6 20. c4 Rhg8
21. Bf3 Kb8 22. d5 c5 23. dxe6 fxe6 24. Rfe1 Be5 25. Kf1 f5 26. Rd2 Bd4 27. g3
Qf7 28. Bg2 Qg7 29. Qf3 f4 30. Rd3 fxg3 31. Rb3 b6 32. Qa8+ Kc7 33. Qxa7+ Kc8
34. Qa8+ Kd7 35. Qc6+ Kd8 36. Qa8+ Kc7 37. Qb7+ Kd8 38. Qb8+ Kd7 39. Bc6+ Ke7
40. Qc7+ Kf8 41. Qd8+ Kf7 42. Qd7+ 1-0

[Event "Zalakarosi Sakkfesztivál open"]
[Site "Zalakaros"]
[Date "2018.05.25"]
[Round "1.10"]
[White "Majoros, Rozsa Evelin"]
[Black "Meszaros, Tamas"]
[Result "1/2-1/2"]
[WhiteElo "1967"]
[BlackElo "2407"]
[PlyCount "98"]
[EventDate "2018.05.25"]
[EventType "swiss"]
[EventCountry "HUN"]

1. e4 e5 2. Nf3 Nc6 3. Bb5 Nf6 4. d3 Bc5 5. O-O Nd4 6. Nxd4 Bxd4 7. c3 Bb6 8.
d4 O-O 9. Bg5 Re8 10. Re1 c6 11. Bc4 d6 12. d5 h6 13. Be3 cxd5 14. exd5 Ng4 15.
Nd2 Bxe3 16. fxe3 Qh4 17. Nf1 Qf2+ 18. Kh1 Qxb2 19. Qa4 Bf5 20. Bb5 a6 21. Be2
Nf2+ 22. Kg1 Ne4 23. Rab1 Qxc3 24. Rec1 b5 25. Qd1 Qa5 26. Rb3 Qxa2 27. Ra1
Qxa1 28. Qxa1 Nc5 29. Rb4 Bd7 30. Qa5 Rec8 31. Nd2 Nb7 32. Qb6 Rc1+ 33. Kf2 Nc5
34. Ne4 Rc2 35. Ke1 a5 36. Nxc5 axb4 37. Nxd7 b3 38. Qxb5 b2 39. Kf2 h5 40. Kf3
e4+ 41. Kf2 Ra2 42. Qb8+ Kh7 43. Nf8+ Kh6 44. Kg3 Rxe2 45. Qxd6+ g6 46. Qf6
Rxg2+ 47. Kh3 Rxh2+ 48. Kg3 Rg2+ 49. Kh3 Rh2+ 1/2-1/2

[Event "Zalakarosi Sakkfesztivál open"]
[Site "Zalakaros"]
[Date "2018.05.25"]
[Round "1.11"]
[White "Fancsy, Imre"]
[Black "Fultner, Jaromir"]
[Result "1-0"]
[WhiteElo "2388"]
[BlackElo "1956"]
[PlyCount "65"]
[EventDate "2018.05.25"]
[EventType "swiss"]
[EventCountry "HUN"]

1. Nf3 d5 2. c4 e6 3. g3 Nf6 4. Bg2 Nbd7 5. Qc2 Bd6 6. d4 Bb4+ 7. Nbd2 Ne4 8.
O-O Bxd2 9. Nxd2 Nxd2 10. Bxd2 Nf6 11. Bb4 Bd7 12. f3 a5 13. Ba3 dxc4 14. e4
Bb5 15. Rfd1 Qd7 16. Bf1 Qc6 17. Qc3 h5 18. Rac1 h4 19. g4 Nd7 20. Kh1 O-O-O
21. Qxa5 b6 22. Qb4 h3 23. b3 e5 24. bxc4 Ba4 25. d5 Qf6 26. Rd3 Nc5 27. Re3
Qf4 28. Qe1 Rd6 29. Bb4 Rf6 30. Bd2 Nxe4 31. fxe4 Qxg4 32. Qg3 Qh5 33. Qxh3+
1-0

[Event "Zalakarosi Sakkfesztivál open"]
[Site "Zalakaros"]
[Date "2018.05.25"]
[Round "1.13"]
[White "Szeberenyi, Adam"]
[Black "Toth, Istvan"]
[Result "1-0"]
[WhiteElo "2372"]
[BlackElo "1941"]
[PlyCount "37"]
[EventDate "2018.05.25"]
[EventType "swiss"]
[EventCountry "HUN"]

1. d4 d5 2. c4 c6 3. Nf3 Nf6 4. e3 e6 5. Bd3 Bd6 6. Nbd2 Nbd7 7. O-O O-O 8. e4
e5 9. cxd5 cxd5 10. exd5 exd4 11. Ne4 Qc7 12. Nxd6 Qxd6 13. Nxd4 Nxd5 14. Nf5
Qf6 15. Qh5 Re8 16. Ng3 Ne5 17. Qxh7+ Kf8 18. Nh5 Qe6 19. Bg5 1-0

[Event "Zalakarosi Sakkfesztivál open"]
[Site "Zalakaros"]
[Date "2018.05.25"]
[Round "1.14"]
[White "Juhasz, Judit"]
[Black "Tompa, Janos"]
[Result "0-1"]
[WhiteElo "1926"]
[BlackElo "2372"]
[PlyCount "72"]
[EventDate "2018.05.25"]
[EventType "swiss"]
[EventCountry "HUN"]

1. e4 c5 2. Nf3 e6 3. d4 cxd4 4. Nxd4 d6 5. Be2 Nf6 6. Nc3 a6 7. a4 Nc6 8. Be3
Qc7 9. O-O Be7 10. f4 O-O 11. Kh1 Bd7 12. Qe1 Nxd4 13. Bxd4 Bc6 14. Qg3 b6 15.
Rae1 Rfd8 16. Bd3 Qb7 17. Qh3 g6 18. e5 Nh5 19. Be4 dxe5 20. Bxe5 f5 21. Bf3
Bxf3 22. Rxf3 Rd2 23. Rd3 Rd8 24. Rxd8+ Bxd8 25. Rd1 Rxd1+ 26. Nxd1 Qe4 27. Qc3
Nxf4 28. Ne3 Nd5 29. Nxd5 Qxd5 30. h3 Qc5 31. Qd3 Be7 32. Bd4 Qd6 33. Qc3 Kf7
34. Be5 Qd1+ 35. Kh2 Bc5 36. Kg3 g5 0-1

[Event "Zalakarosi Sakkfesztivál open"]
[Site "Zalakaros"]
[Date "2018.05.25"]
[Round "1.15"]
[White "Srinath, Rao S.V."]
[Black "Mitlasovszki, Imre"]
[Result "1-0"]
[WhiteElo "2363"]
[BlackElo "1925"]
[PlyCount "35"]
[EventDate "2018.05.25"]
[EventType "swiss"]
[EventCountry "HUN"]

1. e4 e5 2. Nf3 Nf6 3. Nc3 Nc6 4. d4 Bb4 5. Nxe5 O-O 6. Bd3 Re8 7. O-O Nxd4 8.
Be3 Ne6 9. Nd5 Bc5 10. Nc4 c6 11. Nxf6+ Qxf6 12. e5 Qe7 13. Bxc5 Qxc5 14. Qh5
Nf8 15. Nd6 Re7 16. Rae1 Ng6 17. Bc4 b5 18. Bxf7+ 1-0

[Event "Zalakarosi Sakkfesztivál open"]
[Site "Zalakaros"]
[Date "2018.05.25"]
[Round "1.16"]
[White "Tancsa, Tamas"]
[Black "Ostovic, Matija"]
[Result "0-1"]
[WhiteElo "1924"]
[BlackElo "2352"]
[PlyCount "78"]
[EventDate "2018.05.25"]
[EventType "swiss"]
[EventCountry "HUN"]

1. e4 d6 2. d4 Nf6 3. Nc3 Nbd7 4. f4 e5 5. fxe5 dxe5 6. dxe5 Nxe5 7. Qxd8+ Kxd8
8. Bf4 Bd6 9. O-O-O Ke7 10. Nf3 Nd3+ 11. cxd3 Bxf4+ 12. Kc2 c6 13. h3 Nh5 14.
Ne2 Ng3 15. Nxg3 Bxg3 16. d4 Rd8 17. Bc4 b5 18. Bb3 a5 19. a3 a4 20. Ba2 f5 21.
e5 f4 22. Kc3 h6 23. Ne1 Bf5 24. Nd3 g5 25. Nc5 h5 26. Nb7 Rd7 27. Nd6 Rxd6 28.
exd6+ Kxd6 29. Bf7 Rh8 30. Kb4 Rh7 31. Ba2 Re7 32. d5 c5+ 33. Kxb5 Rb7+ 34. Ka5
Rxb2 35. Bb1 Bd7 36. Be4 Rb5+ 37. Ka6 Rb3 38. Ra1 c4 39. Ka5 Bf2 0-1

[Event "Zalakarosi Sakkfesztivál open"]
[Site "Zalakaros"]
[Date "2018.05.25"]
[Round "1.17"]
[White "Krykun, Yuriy"]
[Black "Smirnov, Mark A."]
[Result "1-0"]
[WhiteElo "2338"]
[BlackElo "1914"]
[PlyCount "77"]
[EventDate "2018.05.25"]
[EventType "swiss"]
[EventCountry "HUN"]

1. Nf3 Nf6 2. c4 e6 3. g3 b6 4. Bg2 Bb7 5. O-O Be7 6. Nc3 O-O 7. Re1 d6 8. e4
Nbd7 9. d4 e5 10. d5 a5 11. Nd2 Nc5 12. Nf1 Bc8 13. f4 exf4 14. gxf4 Bg4 15.
Qc2 Nfd7 16. Ng3 Bh4 17. Be3 f5 18. exf5 Qf6 19. Nb5 Bxg3 20. hxg3 Rac8 21. Nd4
Rce8 22. Bf2 Bxf5 23. Qxf5 Rxe1+ 24. Rxe1 Qxf5 25. Nxf5 Rxf5 26. Bh3 Rf8 27.
Bd4 Kf7 28. Be6+ Kg6 29. f5+ Kg5 30. Bxg7 Re8 31. Re3 Nf6 32. Kg2 Ng4 33. Re2
h5 34. Bd4 Nd3 35. b3 h4 36. gxh4+ Kxh4 37. Re4 Kg5 38. Kg3 Nf6 39. Be3+ 1-0

[Event "Zalakarosi Sakkfesztivál open"]
[Site "Zalakaros"]
[Date "2018.05.25"]
[Round "1.18"]
[White "Toth, Nikoletta"]
[Black "Zentai, Peter"]
[Result "1/2-1/2"]
[WhiteElo "1907"]
[BlackElo "2327"]
[PlyCount "43"]
[EventDate "2018.05.25"]
[EventType "swiss"]
[EventCountry "HUN"]

1. c4 c6 2. g3 Nf6 3. Bg2 d5 4. cxd5 cxd5 5. d4 Nc6 6. Nf3 Bf5 7. Nc3 e6 8. a3
Be7 9. O-O O-O 10. Bg5 h6 11. Bxf6 Bxf6 12. e3 Rc8 13. Qe2 Qe7 14. Rac1 Na5 15.
Nd2 Qd7 16. Rfd1 a6 17. b4 Nc6 18. Nb3 Be7 19. Nc5 Bxc5 20. dxc5 Qc7 21. e4
dxe4 22. Nxe4 1/2-1/2

[Event "Zalakarosi Sakkfesztivál open"]
[Site "Zalakaros"]
[Date "2018.05.25"]
[Round "1.19"]
[White "Papp, Gellert"]
[Black "Konyves, Almos"]
[Result "1-0"]
[WhiteElo "2325"]
[BlackElo "1902"]
[PlyCount "75"]
[EventDate "2018.05.25"]
[EventType "swiss"]
[EventCountry "HUN"]

1. e4 e5 2. Nf3 Nc6 3. Bb5 a6 4. Ba4 Nf6 5. O-O Be7 6. Re1 b5 7. Bb3 d6 8. c3
O-O 9. h3 Na5 10. Bc2 c5 11. d3 Nd7 12. Nbd2 Nb6 13. Nf1 Be6 14. Ne3 Qc7 15.
Nh2 Rac8 16. Qf3 Bg5 17. Nhg4 Qd7 18. Nd5 Nxd5 19. Bxg5 f6 20. exd5 Bxg4 21.
Qxg4 Qxg4 22. hxg4 fxg5 23. Re4 Rf4 24. Rxf4 gxf4 25. Bd1 g5 26. Bf3 Re8 27.
Be4 c4 28. b4 Nb7 29. a4 a5 30. axb5 axb4 31. cxb4 c3 32. Kf1 Rc8 33. Ke2 Nd8
34. Kd1 Nf7 35. Kc2 Rb8 36. Ra7 Rxb5 37. Kxc3 Rb8 38. Bf5 1-0

[Event "Zalakarosi Sakkfesztivál open"]
[Site "Zalakaros"]
[Date "2018.05.25"]
[Round "1.20"]
[White "Gal, Lajos"]
[Black "Li, Bo"]
[Result "0-1"]
[WhiteElo "1894"]
[BlackElo "2319"]
[PlyCount "70"]
[EventDate "2018.05.25"]
[EventType "swiss"]
[EventCountry "HUN"]

1. c4 Nf6 2. g3 e5 3. Bg2 Bc5 4. Nc3 d6 5. b4 Bb6 6. Na4 O-O 7. Nxb6 axb6 8.
Bb2 Nc6 9. a3 Be6 10. Rc1 d5 11. cxd5 Bxd5 12. Nf3 Nd4 13. Rc3 Nxf3+ 14. Bxf3
Qd7 15. Qc2 c6 16. O-O Qh3 17. Rc4 Bxc4 18. Qxc4 b5 19. Qc5 Ng4 20. Bxg4 Qxg4
21. f3 Qe6 22. d3 f6 23. Qc3 h5 24. Kg2 Rfd8 25. h3 b6 26. g4 hxg4 27. hxg4
Rac8 28. Rh1 c5 29. Qe1 Kf7 30. Rh5 c4 31. dxc4 Rxc4 32. Bc3 Rxg4+ 33. Kf2 Rc4
34. Rh7 Qf5 35. Rh2 Qc2 0-1

[Event "Zalakarosi Sakkfesztivál open"]
[Site "Zalakaros"]
[Date "2018.05.25"]
[Round "1.21"]
[White "Radovanovic, Jovica"]
[Black "Tran, David"]
[Result "1-0"]
[WhiteElo "2311"]
[BlackElo "1892"]
[PlyCount "73"]
[EventDate "2018.05.25"]
[EventType "swiss"]
[EventRounds "9"]
[EventCountry "HUN"]

1. d4 Nf6 2. Nf3 c5 3. c3 d5 4. Bf4 Qb6 5. Qb3 c4 6. Qc2 Nc6 7. Nbd2 g6 8. e4
Nxe4 9. Nxe4 Bf5 10. Nfd2 Bxe4 11. Nxe4 dxe4 12. d5 Na5 13. Be3 Qb5 14. Bd4 Rg8
15. b4 e5 16. Be3 f5 17. bxa5 O-O-O 18. Rb1 Qxd5 19. Rd1 Qb5 20. Rxd8+ Kxd8 21.
Bxa7 Qxa5 22. Bxc4 Rg7 23. Be3 b5 24. Bb3 f4 25. Bd2 Qa8 26. O-O Rd7 27. Rd1
Bc5 28. Be1 e3 29. Rxd7+ Kxd7 30. Qd3+ Ke7 31. fxe3 Bxe3+ 32. Kf1 Qe8 33. Bh4+
Kf8 34. Qd6+ Kg7 35. Qf6+ Kh6 36. Bg5+ Kh5 37. Bd1+ 1-0

[Event "Zalakarosi Sakkfesztivál open"]
[Site "Zalakaros"]
[Date "2018.05.25"]
[Round "1.22"]
[White "Pasti, Anna"]
[Black "Vanczak, Tamas"]
[Result "1/2-1/2"]
[WhiteElo "1886"]
[BlackElo "2303"]
[PlyCount "38"]
[EventDate "2018.05.25"]
[EventType "swiss"]
[EventRounds "9"]
[EventCountry "HUN"]

1. e4 c5 2. c4 e6 3. Nf3 Nc6 4. Nc3 g6 5. d4 cxd4 6. Nxd4 d6 7. Be3 Nf6 8. Be2
a6 9. O-O Bg7 10. Qd2 Nxd4 11. Bxd4 O-O 12. Rad1 Bd7 13. Be3 Bc6 14. f3 Ne8 15.
c5 d5 16. exd5 exd5 17. Nxd5 Bxd5 18. Qxd5 Qe7 19. Qb3 Nc7 1/2-1/2

[Event "Zalakarosi Sakkfesztivál open"]
[Site "Zalakaros"]
[Date "2018.05.25"]
[Round "1.23"]
[White "Ianov, Viktor"]
[Black "Radics, Laszlo Dr."]
[Result "1-0"]
[WhiteElo "2285"]
[BlackElo "1881"]
[PlyCount "47"]
[EventDate "2018.05.25"]
[EventType "swiss"]
[EventRounds "9"]
[EventCountry "HUN"]

1. Nf3 f5 2. c4 Nf6 3. g3 g6 4. Bg2 Bg7 5. Nc3 d6 6. d3 Nc6 7. Rb1 O-O 8. b4 e5
9. b5 Ne7 10. a4 h6 11. Nd2 Rb8 12. a5 e4 13. dxe4 Ng4 14. Bb2 Bd4 15. O-O f4
16. Nf3 Bg7 17. Nd5 Bxb2 18. Rxb2 fxg3 19. hxg3 Be6 20. Qd4 g5 21. e5 Qe8 22.
exd6 Nxd5 23. cxd5 Qh5 24. Rc1 1-0

[Event "Zalakarosi Sakkfesztivál open"]
[Site "Zalakaros"]
[Date "2018.05.25"]
[Round "1.24"]
[White "Kertesz, Zsolt"]
[Black "Borsos, Bogdan"]
[Result "0-1"]
[WhiteElo "1879"]
[BlackElo "2277"]
[PlyCount "44"]
[EventDate "2018.05.25"]
[EventType "swiss"]
[EventRounds "9"]
[EventCountry "HUN"]

1. d4 d5 2. Nf3 c5 3. e3 e6 4. c3 Nf6 5. Bd3 Be7 6. Nbd2 b6 7. O-O Bb7 8. Ne5
Nbd7 9. f4 Qc7 10. Ndf3 a6 11. Ng5 Rf8 12. Bxh7 Nxh7 13. Nxh7 Rh8 14. Qh5 g6
15. Nxg6 fxg6 16. Qxg6+ Kd8 17. Ng5 Bxg5 18. fxg5 Qxh2+ 19. Kf2 Rf8+ 20. Ke1
Qg3+ 21. Ke2 Qxg2+ 22. Ke1 Rxf1# 0-1

[Event "Zalakarosi Sakkfesztivál open"]
[Site "Zalakaros"]
[Date "2018.05.25"]
[Round "1.25"]
[White "Marosi, Levente"]
[Black "Blazeka, Djuro"]
[Result "1-0"]
[WhiteElo "2277"]
[BlackElo "1874"]
[PlyCount "51"]
[EventDate "2018.05.25"]
[EventType "swiss"]
[EventRounds "9"]
[EventCountry "HUN"]

1. e4 e5 2. Nf3 Nc6 3. Nc3 Nf6 4. Be2 d5 5. exd5 Nxd5 6. O-O Be7 7. Bb5 Nxc3 8.
bxc3 f6 9. d4 exd4 10. Nxd4 Bd7 11. Nxc6 Bxc6 12. Qh5+ g6 13. Bxc6+ bxc6 14.
Qe2 O-O 15. Qe6+ Kg7 16. Qxc6 Qd6 17. Qf3 f5 18. Bf4 Qc5 19. Rad1 Rad8 20. Be3
Qa5 21. Qh3 h5 22. Rxd8 Rxd8 23. Bd4+ Kf7 24. Qe3 Bf6 25. Re1 Qa3 26. Qe6+ 1-0

[Event "Zalakarosi Sakkfesztivál open"]
[Site "Zalakaros"]
[Date "2018.05.25"]
[Round "1.26"]
[White "Verciuc, Nicolae"]
[Black "Polajzer, Danilo"]
[Result "0-1"]
[WhiteElo "1862"]
[BlackElo "2273"]
[PlyCount "72"]
[EventDate "2018.05.25"]
[EventType "swiss"]
[EventRounds "9"]
[EventCountry "HUN"]

1. Nf3 Nf6 2. d4 d5 3. Bf4 c5 4. e3 Nc6 5. c3 Qb6 6. Qb3 c4 7. Qxb6 axb6 8. Be2
b5 9. O-O Bf5 10. Nh4 Be6 11. h3 h6 12. Be5 g5 13. Nf3 Bf5 14. Nbd2 b4 15. cxb4
Nxb4 16. a3 Nd3 17. Bxd3 Bxd3 18. Rfc1 Bg7 19. Ne1 Bf5 20. f3 O-O 21. Nc2 Rfd8
22. Nb4 Ne8 23. Bxg7 Kxg7 24. Nb1 Bxb1 25. Raxb1 e6 26. Kf2 Nc7 27. b3 b5 28.
a4 Rdb8 29. a5 Rxa5 30. Nc6 Ra2+ 31. Kf1 Rba8 32. bxc4 dxc4 33. Nb4 Rd2 34. Ra1
Rxa1 35. Rxa1 Rb2 36. Nc6 c3 0-1

[Event "Zalakarosi Sakkfesztivál open"]
[Site "Zalakaros"]
[Date "2018.05.25"]
[Round "1.27"]
[White "Vegh, Endre"]
[Black "Rozsa, Sandor"]
[Result "1-0"]
[WhiteElo "2264"]
[BlackElo "1861"]
[PlyCount "41"]
[EventDate "2018.05.25"]
[EventType "swiss"]
[EventRounds "9"]
[EventCountry "HUN"]

1. d4 Nf6 2. c4 e6 3. Nc3 Bb4 4. Qc2 d5 5. cxd5 Nxd5 6. Bd2 O-O 7. Nf3 Nd7 8.
e4 Nxc3 9. bxc3 Be7 10. Bd3 g6 11. h4 c5 12. e5 cxd4 13. cxd4 Re8 14. h5 Nf8
15. Bh6 Qd7 16. Bxf8 Bxf8 17. hxg6 fxg6 18. Bxg6 hxg6 19. Qxg6+ Bg7 20. Ng5 Re7
21. Rh8+ 1-0

[Event "Zalakarosi Sakkfesztivál open"]
[Site "Zalakaros"]
[Date "2018.05.25"]
[Round "1.28"]
[White "Balogh, Marton"]
[Black "Geher, Koppany"]
[Result "1/2-1/2"]
[WhiteElo "1858"]
[BlackElo "2257"]
[PlyCount "97"]
[EventDate "2018.05.25"]
[EventType "swiss"]
[EventRounds "9"]
[EventCountry "HUN"]

1. d4 Nf6 2. Nf3 g6 3. Bf4 Bg7 4. e3 O-O 5. h3 d5 6. Be2 c5 7. c3 Qb6 8. Qb3 c4
9. Qxb6 axb6 10. Na3 Bd7 11. Ne5 Ne4 12. Nxd7 Nxd7 13. Nc2 e5 14. Bh2 Rfe8 15.
Nb4 exd4 16. exd4 Ra5 17. f3 Nef6 18. Kf2 Bh6 19. Nc2 Nh5 20. g3 f5 21. Rhe1 b5
22. a3 Nb6 23. Bf1 Raa8 24. g4 Ng7 25. Be5 f4 26. h4 g5 27. h5 Ne6 28. Nb4 {=}
Bf8 29. Be2 Kf7 30. Nc2 Na4 31. Rab1 Nd8 32. Bd1 Nc6 33. Nb4 Bxb4 34. axb4 Nxe5
35. dxe5 Kg7 36. Bc2 Nb6 37. Bf5 h6 38. Re2 Ra2 39. Rd1 Re7 40. Rdd2 Ra8 41.
Rd1 {=} Rae8 42. Rde1 Kf8 43. e6 Rd8 44. Re5 Rd6 45. Bg6 Kg7 46. Rf5 Nc8 47.
Rf7+ Kg8 48. Rf6 Kg7 49. Rf7+ 1/2-1/2

[Event "Zalakarosi Sakkfesztivál open"]
[Site "Zalakaros"]
[Date "2018.05.25"]
[Round "1.29"]
[White "Doric, Nenad"]
[Black "Deak, Laszlo"]
[Result "1-0"]
[WhiteElo "2250"]
[BlackElo "1857"]
[PlyCount "79"]
[EventDate "2018.05.25"]
[EventType "swiss"]
[EventRounds "9"]
[EventCountry "HUN"]

1. e4 d6 2. d4 Nf6 3. Nc3 e5 4. Nf3 exd4 5. Nxd4 Be7 6. Bf4 O-O 7. Qd2 Nbd7 8.
O-O-O a6 9. f3 Ne5 10. Qf2 Qe8 11. g4 b5 12. g5 Nh5 13. Be3 g6 14. Nd5 Bd8 15.
Ne2 Nc4 16. Ng3 Nxe3 17. Qxe3 c6 18. Nxh5 cxd5 19. Nf6+ Bxf6 20. gxf6 Qe5 21.
Rxd5 Qxf6 22. Bg2 Bb7 23. Qd4 Qe6 24. Rxd6 Qxa2 25. h4 Rad8 26. e5 Qa1+ 27. Kd2
Qa5+ 28. c3 f6 29. Bh3 f5 30. Ke3 Rxd6 31. exd6 Qa2 32. Rd1 Qe6+ 33. Kf2 Re8
34. Bf1 Kf7 35. c4 Qd7 36. cxb5 axb5 37. Rc1 Bc6 38. Qc5 Bxf3 39. Bxb5 Qe6 40.
Bc4 1-0